000 00439nam a2200169Ia 4500
008 220204s9999 xx 000 0 und d
020 _a0471637009
082 _a678-032.61
_bPIN
100 _aBeall, G W
245 0 _aPolymer-clay nanocomposites
260 _aEngland
_bJohn Wiley & Sons
650 _aNanostructure materials
650 _aPolymer blends
650 _aPolymer composites
700 _aPinnavaia, T J
942 _cREF
999 _c44105
_d44105